000 00627nam a2200169 i 4500
001 24945
003 ES-MaACL
005 20230906153151.0
007 t|
008 021219s1925 sp ||||1| spa d
100 1 _aAngulo Iñiguez, Diego.
_921788
245 1 0 _aJuan de las Roelas
_b: aportaciones para su estudio /
_cpor D. Angulo Iñiguez.
260 _a[Madrid :
_bJunta para Ampliación de Estudios e Investigaciones Científicas,
_c1925]
300 _a7 p., [3] h. de lám. ;
_c28 cm.
500 _aEs Separata del: "Archivo Español de Arte y Arqueología", Madrid, nº 1, 1925.
852 _aES-MaACL
_j1652-F-19
_bR.5247
999 _c24945
_d24945